000 00508nam a22001697a 4500
005 20241108162022.0
008 241108b |||||||| |||| 00| 0 eng d
020 _a9789988186517
050 _aHD57.7 MUS
100 _aMusau Geneva
245 _aThe_Best Kept Business Secret:
_bThe line manager as coach/
_cGeneva Musau
260 _aAccra
_bQualitype Limited
_c2013
300 _aviii. 155p.;
_bill.;
_c22.5 cm x 15 cm
650 _2Business Secret
710 _aLife Coaching Foundation
942 _2lcc
_cBK
_n0
999 _c911
_d911